01011nam a2200277Ia 450000500170000000800410001702000150005804100080007308200160008110000390009724501210013625000280025726400490028530000410033433600270037533700330040233800280043549000260046365000280048965000280051765000340054565000210057970000400060070000580064004000350069820220316235233.0121119s1996 mx a gr 000 0 spa  a96816072011 aspa04a949.5bB19I1 aBaynes, Norman Hepburn,d1877-196113aEl imperio bizantinocNorman H. Baynes ; traducción de María Luisa Díez-Canedo y Francisco Giner de los Ríos aSéptima reimpresión 1aMéxicobFondo de Cultura Económicac1996 a208 páginasbilustracionesc17 cm. atextobtxt2rdacontent asin mediaciónbn2rdamedia avolumenbnc2rdacarrier0 aBreviarios : historia142LEMBaImperio bizantino142LEMBaHistoria medieval142LEMBaCivilización medieval142LEMBaEdad media1 aDiez-Canedo, Maria Luisadtraductor1 aGiner de los Ríos, Francisco d1839-1915etraductor aCO-BoRNBPbspaerdacCO-BoRNBP